Music Quiz

Random Music or Song Quiz
Score 0/36 Timer 05:00
4 Plays Today
Hint Answer % Correct
The PoliceTake
96.8%
The PoliceBottle
95.9%
Pet Shop BoysMind
90.4%
Duran DuranWolf
88.9%
One DirectionLife
88.1%
The KinksMe
85.8%
Spice Girls1
82.4%
Electric Light OrchestraDown
81.1%
Pet Shop BoysGirls
80.7%
Iron MaidenName
77.6%
Duran DuranKill
76.9%
One DirectionEver
69.4%
The PoliceMoon
68.6%
Duran DuranFilm
65.4%
Electric Light OrchestraSky
63.3%
RadioheadAndroid
61.6%
RadioheadPolice
56.6%
Spice GirlsThere
54.7%
Hint Answer % Correct
Pet Shop BoysWest
54.1%
Iron MaidenHills
53.9%
The KinksSunset
52.5%
One DirectionBeautiful
50.7%
Electric Light OrchestraTight
50.4%
Mumford & SonsMan
48.5%
Roxy MusicDrug
43.8%
Wham!Wants
41.2%
Wham!Tropicana
40.1%
The KinksAfternoon
37.1%
Mumford & SonsWait
36%
Roxy MusicGuy
34.9%
Spice GirlsForever
33%
Iron MaidenMidnight
29.6%
Wham!Heaven
23.2%
Roxy MusicPlain
20.8%
RadioheadSurprises
20.4%
Mumford & SonsStone
19.5%
Remove Ads.
Support Sporcle.
Get the best of Sporcle when you Go Orange. This ad-free experience offers more features, more stats, and more fun while also helping to support Sporcle. Thank you for becoming a member.

You're not logged in!

Compare scores with friends on all Sporcle quizzes.
OR
Log In

Show Comments

Extras

Top Quizzes Today


Score Distribution

Your Account Isn't Verified!

In order to create a playlist on Sporcle, you need to verify the email address you used during registration. Go to your Sporcle Settings to finish the process.

Report this User

Report this user for behavior that violates our Community Guidelines.

Details: